Bài tập vật lý sơ cấp; T2 Dùng cho học sinh cấp III và bổ túc văn hóa, các lớp dự bị đại học và chuẩn bị thi vào đại học, và các trường trung học chuyên nghiệp

Kaydedildi:
Detaylı Bibliyografya
Yazar: Nguyễn Xuân Chi
Materyal Türü: Kitap
Dil:Undetermined
Baskı/Yayın Bilgisi: Hà Nội ĐH và THCN 1977
Konular:
Etiketler: Etiketle
Etiket eklenmemiş, İlk siz ekleyin!
Thư viện lưu trữ: Trung tâm Học liệu Trường Đại học Cần Thơ
LEADER 00738nam a2200181Ia 4500
001 CTU_2109
008 210402s9999 xx 000 0 und d
082 |a 530.076 
082 |b B103/T2 
100 |a Nguyễn Xuân Chi 
245 0 |a Bài tập vật lý sơ cấp; T2 
245 0 |b Dùng cho học sinh cấp III và bổ túc văn hóa, các lớp dự bị đại học và chuẩn bị thi vào đại học, và các trường trung học chuyên nghiệp 
245 0 |c Nguyễn Xuân Chi, Phan Trấn Đồng 
260 |a Hà Nội 
260 |b ĐH và THCN 
260 |c 1977 
650 |a physics - problems, exercises 
980 |a Trung tâm Học liệu Trường Đại học Cần Thơ